02176nam a2200325 a 4500001001000000003000900010005001700019007000300036008004100039020001800080040002500098082001400123100004500137100004500182245023300227260011100460300002800571490002400599500007300623500007300696504003200769505066100801590002601462830003001488942001401518952010201532952009701634952010201731999001701833000048900DO-SdBNP20250122105004.0ta190430s2016 pr a 000 0 spa d a9789945581515 aDO-SdBNPbspacBNPHU 4bL951a2221 a Lugo Ramírez, Doris E. d1965-9869021 a Lugo Ramírez, Doris E. d1965-98690210aAnte el espejo de la muerte :baproximación a la iconografía funeraria en Puerto Rico : análisis de tumbas y pinturas puertorriqueñas representativas de finales del siglo XIX al inicio del XXI /cDoris E. Lugo Ramírez. aSan Juan, Puerto Rico :bIsla Negra Editores,bEditorial del Instituto de Cultura Puertorriqueña,c2016. a298 p. :bil. ;c23 cm.1 aVisiones y cegueras aIncluye datos biográficos de la autora en la solapa de la cubierta aIncluye referencias bibliográficas y notas al pie de las páginas aBibliografía : p. 263-2730 aPalabras iniciales --gCapítulo ItLa muerte como fuente investigativa --tVisión ideológica, escatológica e iconográfica de la muerte en Europa, América y Puerto Rico --gCapítulo IItVisión ideológica, escatológica e iconográfica de la muerte en Europa, América y Puerto Rico --gCapítulo IIItMetáforas contra la muerte: Análisis iconográfico de la estatuaria funeraria --tCapítulo IVtLa muerte disimulada: Análisis iconográfico de la pintura puertorriqueña de temática funeraria --tConclusiones --tApéndices --tÍndices de fotografías, ilustraciones y pinturas citadas en el libro --tAgradecimientos aInventariado, 2019/LP 0aVisiones y cegueras91120 2ddccLBS1 00102ddc56708DSaBNPHUbBNPHUcHDd2019-05-09l0p48900-30r2020-06-25te.3w2020-06-25yLBS1 00102ddc53708PDaBNPHUbBNPHUcHDd2019-05-09l0p48900-10r2020-06-25w2020-06-25yLBS1 00102ddc53708PDaBNPHUbBNPHUcHDd2019-05-09l0p48900-20r2020-06-25te.2w2020-06-25yLBS1 c48388d48388